000 00899nam a2200301 i 4500
001 bg
100 1 _aRicken, Friedo
_d(1934- ).
245 1 0 _aEtyka ogólna /
_cFriedo Ricken ; przeł. Piotr Domański ; [red. i pos. do wyd. pol. Joanna Gwiazdecka].
246 1 _iTyt. oryg.:
_aAllgemeine Ethik
260 _aKęty :
_bWydawnictwo Antyk,
_c2001.
300 _a231, [1] s. ;
_c21 cm.
490 1 _aDaimonion
500 _aTyt. oryg.: "Allgemeine Ethik", 1983.
504 _aBibliogr. s. 219-228.
650 9 _aEtyka
700 1 _aDomański, Piotr
_eTł.
700 1 _aGwiazdecka, Joanna.
_ePosł.
830 _aDaimonion
020 _a9788388524189
040 _cBPK
041 1 _apol
_hger
044 _aPOL
080 _a17
920 _a83-88524-18-6
942 _cKS
008 s pl f |000 0 pol
999 _c54943
_d54943
856 _uhttp://koha.tu.koszalin.pl/cgi-bin/koha/opac-detail.pl?biblionumber=54943
_yKatalog online BPK